000 00261nam a2200109Ia 4500
008 190216s9999||||xx |||||||||||||| ||und||
100 _aSankara Pillai G
245 0 _aOdakuzhal
260 _bMathrubhumi Printing &publishing
650 _aMalayalam
942 _cBK
999 _c30365
_d30365